000 00497nam a2200217Ia 4500
003 OSt
005 20221005120414.0
006 a|||||r|||| 00| 0
007 ta
008 221004b |||||||| |||| 00| 0 eng d
024 _a120383
037 _cTextual
040 _aCRL
_cCRL
_beng
041 _2eng
_aeng
100 _aGalland G D
_9629101
245 0 _aEarth shape & gravity
260 _c1965
650 _aPHYSICS
942 _cTEXL
_2cc
999 _c1037864
_d1037864